Southville International School and Colleges
Your cart is empty.
  • Cart
  • Lists
    Public lists Eva Luna New books Lux_list list_1
    Your lists Log in to create your own lists
  • Log in to your account
  • Your cookies
  • Search history
Southville International School and Colleges
  • Advanced search
  • Recent comments
  • Most popular
  • Libraries

Log in to your account

Log in with GOOGLE


If you do not have an external account, but do have a local account, you can still log in:

  1. Home
  2. MARC view: Astounding Stories of Super-Science April 1930
Normal view MARC view ISBD view

Astounding Stories of Super-Science April 1930 (Record no. 258645)

[ view plain ]
MARC details
000 -LEADER
fixed length control field 01247cam a22003253a 4500
001 - CONTROL NUMBER
control field 29390
003 - CONTROL NUMBER IDENTIFIER
control field PGUSA
005 - DATE AND TIME OF LATEST TRANSACTION
control field 20140828083633.0
008 - FIXED-LENGTH DATA ELEMENTS--GENERAL INFORMATION
fixed length control field 090712s2009||||xxu|||||s|||||000 1 eng d
040 ## - CATALOGING SOURCE
Original cataloging agency PGUSA
Language of cataloging eng
042 ## - AUTHENTICATION CODE
Authentication code dc
050 #4 - LIBRARY OF CONGRESS CALL NUMBER
Classification number PN
100 1# - MAIN ENTRY--PERSONAL NAME
Personal name Pelcher, Anthony,
Dates associated with a name 1897-1981
245 10 - TITLE STATEMENT
Title Astounding Stories of Super-Science April 1930
Medium [electronic resource] /
Statement of responsibility, etc Anthony Pelcher
260 ## - PUBLICATION, DISTRIBUTION, ETC. (IMPRINT)
Name of publisher, distributor, etc Project Gutenberg,
Date of publication, distribution, etc 2009
505 0# - FORMATTED CONTENTS NOTE
Formatted contents note The Man Who Was Dead / Thomas H. Knight -- Monsters of Moyen / Arthur J. Burks -- Vampires of Venus / Anthony Pelcher -- Brigands of the Moon (Part 2 of 4) / Ray Cummings -- The Soul Snatcher / Tom Curry -- The Ray of Madness / S. P. Meek
506 ## - RESTRICTIONS ON ACCESS NOTE
Terms governing access Public domain in the USA.
516 ## - TYPE OF COMPUTER FILE OR DATA NOTE
Type of computer file or data note Electronic text
653 ## - INDEX TERM--UNCONTROLLED
Uncontrolled term Science fiction -- Periodicals
653 ## - INDEX TERM--UNCONTROLLED
Uncontrolled term Science fiction, American -- Periodicals
700 1# - ADDED ENTRY--PERSONAL NAME
Personal name Knight, Thomas H.,
Dates associated with a name 1892-
700 1# - ADDED ENTRY--PERSONAL NAME
Personal name Burks, Arthur J.,
Dates associated with a name 1898-1974
700 1# - ADDED ENTRY--PERSONAL NAME
Personal name Curry, Tom,
Dates associated with a name 1900-1976
700 1# - ADDED ENTRY--PERSONAL NAME
Personal name Cummings, Ray,
Dates associated with a name 1887-1957
700 1# - ADDED ENTRY--PERSONAL NAME
Personal name Meek, S. P.
Fuller form of name (Sterner St. Paul),
Dates associated with a name 1894-1972
700 1# - ADDED ENTRY--PERSONAL NAME
Personal name Bates, Harry,
Dates associated with a name 1900-1981
830 #0 - SERIES ADDED ENTRY--UNIFORM TITLE
Uniform title Project Gutenberg
Volume number/sequential designation 29390
856 40 - ELECTRONIC LOCATION AND ACCESS
Uniform Resource Identifier <a href="http://www.gutenberg.org/ebooks/29390">http://www.gutenberg.org/ebooks/29390</a>
942 ## - ADDED ENTRY ELEMENTS (KOHA)
Koha item type eBooks
Holdings
Withdrawn status Lost status Damaged status Home library Current library Date acquired Total Checkouts Date last seen Price effective from Koha item type
      Project Gutenberg Project Gutenberg 08/28/2014   08/28/2014 08/28/2014 eBooks

Astounding Stories of Super-Science April 1930

APA

Pelcher A., Knight T. H., Burks A. J., Curry T., Cummings R., Meek S. P. & Bates H. (2009). Astounding Stories of Super-Science April 1930. : Project Gutenberg.

Chicago

Pelcher Anthony, Knight Thomas H, Burks Arthur J, Curry Tom, Cummings Ray, Meek S P and Bates Harry. 2009. Astounding Stories of Super-Science April 1930. : Project Gutenberg.

Harvard

Pelcher A., Knight T. H., Burks A. J., Curry T., Cummings R., Meek S. P. and Bates H. (2009). Astounding Stories of Super-Science April 1930. : Project Gutenberg.

MLA

Pelcher Anthony, Knight Thomas H, Burks Arthur J, Curry Tom, Cummings Ray, Meek S P and Bates Harry. Astounding Stories of Super-Science April 1930. : Project Gutenberg. 2009.

  • Place hold
  • Print
  • Cite
  • Add to your cart (remove)
  • Save record
    BIBTEX Dublin Core MARCXML MARC (non-Unicode/MARC-8) MARC (Unicode/UTF-8) MARC (Unicode/UTF-8, Standard) MODS (XML) RIS
  • More searches
    Search for this title in:
    Other Libraries (WorldCat) Other Databases (Google Scholar) Online Stores (Bookfinder.com) Open Library (openlibrary.org)

Exporting to Dublin Core...

SOUTHVILLE LIBRARY

Southville International School and Colleges Library

1281 Tropical Ave. Cor. Luxembourg St., BF Homes International, Las Pinas City

Tel. No. 8256374 / 252358 Loc. 117/146

Powered by Koha